[Event "Olomouc Chess Summer 2022 - A"]
[Site "Olomouc (CZE), Hotel Flora"]
[Date "2022.08.14"]
[Round "2"]
[Board "3"]
[White "Baum, Jonasz"]
[Black "Winkelman, Albert"]
[Result "1/2-1/2"]
[WhiteElo "2412"]
[BlackElo "2278"]
[PlyCount "0"]
[EventDate "2022.08.13"]
[EventRounds "9"]
[EventCountry "CZE"]

1. d4 {[%clk 1:30:56]} Nf6 {[%clk 1:30:49]} 2. c4 {[%clk 1:31:21]} e6
{[%clk 1:31:10]} 3. Nf3 {[%clk 1:31:27]} b6 {[%clk 1:31:32]} 4. g3
{[%clk 1:31:28]} Bb7 {[%clk 1:31:50]} 5. Bg2 {[%clk 1:31:52]} Be7
{[%clk 1:27:27]} 6. O-O {[%clk 1:32:05]} O-O {[%clk 1:27:47]} 7. Re1
{[%clk 1:32:11]} d5 {[%clk 1:26:16]} 8. cxd5 {[%clk 1:32:00]} exd5
{[%clk 1:26:27]} 9. Nc3 {[%clk 1:32:14]} Re8 {[%clk 1:18:14]} 10. Bf4
{[%clk 1:31:26]} Bd6 {[%clk 1:17:33]} 11. Bxd6 {[%clk 1:21:01]} Qxd6
{[%clk 1:17:49]} 12. Ne5 {[%clk 1:19:52]} a6 {[%clk 1:08:38]} 13. Nc4
{[%clk 1:10:16]} Qe6 {[%clk 0:57:01]} 14. Ne3 {[%clk 1:06:19]} Nbd7
{[%clk 0:55:49]} 15. Qb3 {[%clk 1:06:13]} c6 {[%clk 0:55:32]} 16. Rac1
{[%clk 1:01:04]} Rab8 {[%clk 0:50:07]} 17. Nf1 {[%clk 0:55:55]} c5
{[%clk 0:41:16]} 18. Qd1 {[%clk 0:44:29]} Ne4 {[%clk 0:39:59]} 19. dxc5
{[%clk 0:41:29]} bxc5 {[%clk 0:37:19]} 20. Nxe4 {[%clk 0:41:23]} dxe4
{[%clk 0:37:31]} 21. Ne3 {[%clk 0:40:57]} Nb6 {[%clk 0:34:46]} 22. b3
{[%clk 0:37:20]} Rbc8 {[%clk 0:34:38]} 23. Rc3 {[%clk 0:36:36]} a5
{[%clk 0:33:30]} 24. Qc2 {[%clk 0:36:19]} a4 {[%clk 0:27:44]} 25. bxa4
{[%clk 0:33:25]} c4 {[%clk 0:26:29]} 26. Rb1 {[%clk 0:28:46]} Ba8
{[%clk 0:25:01]} 27. Rb4 {[%clk 0:26:17]} Nd5 {[%clk 0:25:23]} 28. Nxd5
{[%clk 0:26:42]} Bxd5 {[%clk 0:25:47]} 29. e3 {[%clk 0:20:48]} Rc5
{[%clk 0:25:39]} 30. Bf1 {[%clk 0:20:46]} Rec8 {[%clk 0:26:00]} 31. Qd2
{[%clk 0:18:15]} Qc6 {[%clk 0:24:09]} 32. Qd4 {[%clk 0:17:18]} h6
{[%clk 0:21:52]} 33. h4 {[%clk 0:14:20]} Ra5 {[%clk 0:20:30]} 34. Bxc4
{[%clk 0:11:00]} Qc5 {[%clk 0:20:51]} 35. Bxd5 {[%clk 0:08:45]} Qxc3
{[%clk 0:21:08]} 36. Qxc3 {[%clk 0:07:27]} Rxc3 {[%clk 0:21:16]} 37. Rb8+
{[%clk 0:06:00]} Kh7 {[%clk 0:21:38]} 38. Bxf7 {[%clk 0:06:15]} g5
{[%clk 0:19:56]} 39. hxg5 {[%clk 0:03:59]} hxg5 {[%clk 0:18:21]} 40. Bb3
{[%clk 0:03:14]} Rc1+ {[%clk 0:15:52]} 41. Kg2 {[%clk 0:03:11]} Kg6
{[%clk 0:15:39]} 42. g4 {[%clk 0:24:55]} Re5 {[%clk 0:45:38]} 43. Ra8
{[%clk 0:22:25]} Rcc5 {[%clk 0:45:34]} 44. Rd8 {[%clk 0:22:04]} Kf6
{[%clk 0:44:26]} 45. Rd6+ {[%clk 0:22:12]} Ke7 {[%clk 0:42:30]} 46. Rd4
{[%clk 0:22:35]} Kf8 {[%clk 0:42:39]} 47. Bc4 {[%clk 0:22:42]} Kg7
{[%clk 0:42:31]} 48. Kg3 {[%clk 0:21:46]} Kf6 {[%clk 0:42:16]} 49. Bf1
{[%clk 0:18:32]} Re7 {[%clk 0:41:39]} 50. Bg2 {[%clk 0:18:44]} Rce5
{[%clk 0:41:49]} 51. Rb4 {[%clk 0:17:52]} R7e6 {[%clk 0:40:32]} 52. Rc4
{[%clk 0:14:43]} Re7 {[%clk 0:40:26]} 53. Rd4 {[%clk 0:14:57]} R7e6
{[%clk 0:40:26]} 54. Bf1 {[%clk 0:14:58]} Ke7 {[%clk 0:39:41]} 55. Bb5
{[%clk 0:14:38]} Rd6 {[%clk 0:39:49]} 56. Rc4 {[%clk 0:14:58]} Rde6
{[%clk 0:40:00]} 57. Rc7+ {[%clk 0:12:40]} Kd6 {[%clk 0:39:20]} 58. Rb7
{[%clk 0:11:18]} Re7 {[%clk 0:39:02]} 59. Rb8 {[%clk 0:10:18]} Kc7
{[%clk 0:38:58]} 60. Rg8 {[%clk 0:09:42]} Rf7 {[%clk 0:31:46]} 61. Rg6
{[%clk 0:09:59]} Rc5 {[%clk 0:30:59]} 62. Re6 {[%clk 0:03:08]}  1/2-1/2

[Event "Olomouc Chess Summer 2022 - A"]
[Site "Olomouc (CZE), Hotel Flora"]
[Date "2022.08.14"]
[Round "2"]
[Board "4"]
[White "Svanda, Ondrej"]
[Black "Frank, Adam"]
[Result "1-0"]
[WhiteElo "2389"]
[BlackElo "2307"]
[PlyCount "0"]
[EventDate "2022.08.13"]
[EventRounds "9"]
[EventCountry "CZE"]

1. Nf3 {[%clk 1:30:57]} Nf6 {[%clk 1:30:54]} 2. g3 {[%clk 1:31:19]} d6
{[%clk 1:30:58]} 3. d4 {[%clk 1:31:16]} g6 {[%clk 1:30:25]} 4. Bg2
{[%clk 1:31:41]} Bg7 {[%clk 1:30:51]} 5. c4 {[%clk 1:32:08]} O-O {[%clk 1:31:14]}
6. Nc3 {[%clk 1:32:33]} Nc6 {[%clk 1:26:54]} 7. O-O {[%clk 1:32:53]} e5
{[%clk 1:26:12]} 8. dxe5 {[%clk 1:31:31]} dxe5 {[%clk 1:26:16]} 9. Bg5
{[%clk 1:31:51]} Be6 {[%clk 1:24:13]} 10. Qa4 {[%clk 1:30:45]} Qc8
{[%clk 1:17:03]} 11. Rad1 {[%clk 1:21:10]} Nd7 {[%clk 1:15:58]} 12. Nd5
{[%clk 1:09:47]} Re8 {[%clk 1:14:04]} 13. Be3 {[%clk 0:52:08]} Nb6
{[%clk 1:08:38]} 14. Qc2 {[%clk 0:23:34]} h6 {[%clk 1:06:33]} 15. Bc5
{[%clk 0:22:20]} Bf5 {[%clk 0:42:35]} 16. e4 {[%clk 0:21:03]} Bg4
{[%clk 0:43:00]} 17. Qd3 {[%clk 0:15:04]} Nd7 {[%clk 0:37:15]} 18. Ba3
{[%clk 0:15:06]} Nf8 {[%clk 0:36:56]} 19. h3 {[%clk 0:11:38]} Bxf3
{[%clk 0:29:14]} 20. Qxf3 {[%clk 0:11:49]} Ne6 {[%clk 0:27:32]} 21. Qd3
{[%clk 0:10:42]} Qd8 {[%clk 0:26:03]} 22. f4 {[%clk 0:10:27]} Ncd4
{[%clk 0:20:57]} 23. f5 {[%clk 0:09:40]} Ng5 {[%clk 0:21:23]} 24. h4
{[%clk 0:06:24]} Nh7 {[%clk 0:21:48]} 25. Qd2 {[%clk 0:05:01]} c6
{[%clk 0:14:43]} 26. fxg6 {[%clk 0:05:26]} fxg6 {[%clk 0:15:03]} 27. Ne3
{[%clk 0:05:55]} Qd7 {[%clk 0:12:44]} 28. h5 {[%clk 0:05:48]} gxh5
{[%clk 0:11:51]} 29. Nf5 {[%clk 0:06:17]} Ng5 {[%clk 0:12:13]} 30. Qf2
{[%clk 0:04:40]} b6 {[%clk 0:07:29]} 31. b3 {[%clk 0:02:35]} Rad8
{[%clk 0:07:50]} 32. Bc1 {[%clk 0:02:20]} Qe6 {[%clk 0:07:31]} 33. Be3
{[%clk 0:02:44]} c5 {[%clk 0:05:51]} 34. Rd2 {[%clk 0:01:57]} Rf8
{[%clk 0:03:31]} 35. Qe1 {[%clk 0:02:09]} Rf7 {[%clk 0:03:58]} 36. Rdf2
{[%clk 0:01:47]} Rdf8 {[%clk 0:04:23]} 37. Qd1 {[%clk 0:02:14]} Qd7
{[%clk 0:00:51]} 38. Qxh5 {[%clk 0:02:33]} Nxf5 {[%clk 0:00:38]} 39. exf5
{[%clk 0:02:09]} Rxf5 {[%clk 0:00:52]} 40. Qg4 {[%clk 0:00:43]} R5f7
{[%clk 0:00:33]} 41. Qxd7 {[%clk 0:29:28]} Rxd7 {[%clk 0:31:22]} 42. Bd5+
{[%clk 0:29:57]} Nf7 {[%clk 0:31:27]} 43. Kg2 {[%clk 0:27:53]} e4
{[%clk 0:25:25]} 44. Rf5 {[%clk 0:26:51]} Re7 {[%clk 0:25:36]} 45. Kh3
{[%clk 0:25:06]} Rd7 {[%clk 0:18:46]} 46. Kh4 {[%clk 0:21:46]} Rxd5
{[%clk 0:17:20]} 47. cxd5 {[%clk 0:19:21]} Nd6 {[%clk 0:17:05]} 48. Rxf8+
{[%clk 0:19:44]} Bxf8 {[%clk 0:17:32]} 49. Kh5 {[%clk 0:18:21]}  1-0

[Event "Olomouc Chess Summer 2022 - A"]
[Site "Olomouc (CZE), Hotel Flora"]
[Date "2022.08.14"]
[Round "3"]
[Board "1"]
[White "Krejci, Jan"]
[Black "Mirzoev, Azer"]
[Result "1/2-1/2"]
[WhiteElo "2515"]
[BlackElo "2435"]
[PlyCount "0"]
[EventDate "2022.08.13"]
[EventRounds "9"]
[EventCountry "CZE"]

1. Nf3 {[%clk 1:30:57]} d5 {[%clk 1:30:18]} 2. e3 {[%clk 1:31:18]} c5
{[%clk 1:29:57]} 3. b3 {[%clk 1:31:34]} Nf6 {[%clk 1:29:55]} 4. Bb2
{[%clk 1:31:53]} a6 {[%clk 1:29:59]} 5. c4 {[%clk 1:29:38]} Nc6 {[%clk 1:30:17]}
6. cxd5 {[%clk 1:26:14]} Nxd5 {[%clk 1:30:39]} 7. a3 {[%clk 1:26:36]} e6
{[%clk 1:29:12]} 8. Qc2 {[%clk 1:24:51]} Nf6 {[%clk 1:28:45]} 9. Nc3
{[%clk 1:24:02]} b6 {[%clk 1:25:22]} 10. Ne4 {[%clk 1:15:34]} Nxe4
{[%clk 1:18:03]} 11. Qxe4 {[%clk 1:16:01]} Bb7 {[%clk 1:18:24]} 12. Qg4
{[%clk 1:11:24]} Rc8 {[%clk 1:14:43]} 13. Be2 {[%clk 1:06:08]} h5
{[%clk 1:09:08]} 14. Qh3 {[%clk 1:05:35]} Na5 {[%clk 1:06:55]} 15. b4
{[%clk 0:57:45]} cxb4 {[%clk 1:02:29]} 16. axb4 {[%clk 0:58:11]} Nb3
{[%clk 0:55:31]} 17. Rd1 {[%clk 0:57:27]} Bxb4 {[%clk 0:43:09]} 18. O-O
{[%clk 0:57:52]} Rc2 {[%clk 0:38:13]} 19. Rb1 {[%clk 0:36:18]} Nxd2
{[%clk 0:30:48]} 20. Nxd2 {[%clk 0:33:05]} Rxd2 {[%clk 0:31:09]} 21. Bxg7
{[%clk 0:28:57]} Rg8 {[%clk 0:31:12]} 22. Bf3 {[%clk 0:28:30]} Bxf3
{[%clk 0:23:18]} 23. Qxf3 {[%clk 0:28:53]} Rxg7 {[%clk 0:18:59]} 24. Rxb4
{[%clk 0:29:19]} Qd5 {[%clk 0:16:25]} 25. Qxd5 {[%clk 0:26:32]} Rxd5
{[%clk 0:17:21]} 26. Rxb6 {[%clk 0:26:57]} Ra5 {[%clk 0:17:09]} 27. Rc1
{[%clk 0:23:09]} Rgg5 {[%clk 0:16:39]} 28. h4 {[%clk 0:21:41]} Rgb5
{[%clk 0:16:22]} 29. Rbc6 {[%clk 0:19:53]} Rd5 {[%clk 0:14:44]} 30. R1c2
{[%clk 0:17:13]} Ke7 {[%clk 0:14:38]} 31. e4 {[%clk 0:15:58]} Rd7
{[%clk 0:13:23]} 32. R6c5 {[%clk 0:15:55]} Rb5 {[%clk 0:11:34]} 33. f3
{[%clk 0:10:01]} Kf6 {[%clk 0:11:08]} 34. Kf2 {[%clk 0:07:40]} Rd2+
{[%clk 0:10:48]} 35. Rxd2 {[%clk 0:07:50]} Rxc5 {[%clk 0:11:11]} 36. Rd7
{[%clk 0:08:17]} Rc2+ {[%clk 0:10:59]} 37. Kg3 {[%clk 0:08:12]}  1/2-1/2

[Event "Olomouc Chess Summer 2022 - A"]
[Site "Olomouc (CZE), Hotel Flora"]
[Date "2022.08.14"]
[Round "3"]
[Board "2"]
[White "Frank, Adam"]
[Black "Sorm, Daniel"]
[Result "1/2-1/2"]
[WhiteElo "2307"]
[BlackElo "2308"]
[PlyCount "0"]
[EventDate "2022.08.13"]
[EventRounds "9"]
[EventCountry "CZE"]

1. e4 {[%clk 1:30:57]} c5 {[%clk 1:30:47]} 2. Nf3 {[%clk 1:31:22]} d6
{[%clk 1:31:01]} 3. d4 {[%clk 1:31:48]} cxd4 {[%clk 1:31:26]} 4. Nxd4
{[%clk 1:32:14]} Nf6 {[%clk 1:31:49]} 5. Nc3 {[%clk 1:32:41]} Nc6
{[%clk 1:32:13]} 6. Bg5 {[%clk 1:33:07]} e6 {[%clk 1:32:25]} 7. Qd2
{[%clk 1:33:32]} Qb6 {[%clk 1:32:36]} 8. Nb3 {[%clk 1:33:20]} Be7
{[%clk 1:32:51]} 9. f3 {[%clk 1:21:36]} O-O {[%clk 1:31:21]} 10. O-O-O
{[%clk 1:21:57]} Rd8 {[%clk 1:31:20]} 11. Be3 {[%clk 1:03:23]} Qc7
{[%clk 1:31:35]} 12. Qf2 {[%clk 1:03:49]} d5 {[%clk 1:22:14]} 13. Be2
{[%clk 1:00:46]} dxe4 {[%clk 1:16:19]} 14. fxe4 {[%clk 0:59:15]} Bd7
{[%clk 1:10:46]} 15. Bf3 {[%clk 0:47:50]} Be8 {[%clk 0:58:26]} 16. Kb1
{[%clk 0:45:11]} Nd7 {[%clk 0:52:10]} 17. h4 {[%clk 0:33:47]} Nde5
{[%clk 0:48:33]} 18. Nb5 {[%clk 0:33:02]} Qb8 {[%clk 0:45:04]} 19. Rxd8
{[%clk 0:30:08]} Bxd8 {[%clk 0:45:03]} 20. Rd1 {[%clk 0:28:09]} b6
{[%clk 0:41:20]} 21. Nd6 {[%clk 0:25:34]} Be7 {[%clk 0:39:41]} 22. Nxe8
{[%clk 0:24:57]} Qxe8 {[%clk 0:40:02]} 23. Be2 {[%clk 0:25:19]} Rd8
{[%clk 0:35:51]} 24. Nd4 {[%clk 0:19:21]} Nxd4 {[%clk 0:31:13]} 25. Bxd4
{[%clk 0:15:52]} Nc6 {[%clk 0:30:46]} 26. c3 {[%clk 0:16:18]} e5 {[%clk 0:24:29]}
27. Be3 {[%clk 0:16:45]} Rxd1+ {[%clk 0:24:54]} 28. Bxd1 {[%clk 0:17:12]} Qd7
{[%clk 0:24:20]} 29. Be2 {[%clk 0:15:49]} Nd8 {[%clk 0:23:16]} 30. g3
{[%clk 0:13:51]} Nb7 {[%clk 0:18:33]} 31. Bc4 {[%clk 0:09:44]} Bc5
{[%clk 0:18:16]} 32. Bd5 {[%clk 0:09:50]} g6 {[%clk 0:13:53]} 33. a3
{[%clk 0:07:23]} Kg7 {[%clk 0:13:34]} 34. Bxc5 {[%clk 0:04:24]}  1/2-1/2

[Event "Olomouc Chess Summer 2022 - A"]
[Site "Olomouc (CZE), Hotel Flora"]
[Date "2022.08.14"]
[Round "3"]
[Board "3"]
[White "Winkelman, Albert"]
[Black "Svanda, Ondrej"]
[Result "1/2-1/2"]
[WhiteElo "2278"]
[BlackElo "2389"]
[PlyCount "0"]
[EventDate "2022.08.13"]
[EventRounds "9"]
[EventCountry "CZE"]

1. Nf3 {[%clk 1:30:54]} c5 {[%clk 1:30:42]} 2. g3 {[%clk 1:31:12]} g6
{[%clk 1:31:02]} 3. Bg2 {[%clk 1:31:28]} Bg7 {[%clk 1:31:22]} 4. O-O
{[%clk 1:31:44]} Nc6 {[%clk 1:31:49]} 5. c4 {[%clk 1:28:17]} e6 {[%clk 1:27:22]}
6. e3 {[%clk 1:19:44]} Nge7 {[%clk 1:27:33]} 7. Nc3 {[%clk 1:19:37]} O-O
{[%clk 1:24:54]} 8. Ne4 {[%clk 1:18:25]} b6 {[%clk 1:21:11]} 9. Nd6
{[%clk 1:11:31]} Qc7 {[%clk 1:21:06]} 10. Nxc8 {[%clk 1:07:31]} Raxc8
{[%clk 1:21:34]} 11. d4 {[%clk 1:02:36]} d5 {[%clk 1:18:18]} 12. dxc5
{[%clk 1:00:19]} bxc5 {[%clk 1:17:27]} 13. cxd5 {[%clk 0:51:17]} exd5
{[%clk 1:16:13]} 14. Qa4 {[%clk 0:51:14]} Rb8 {[%clk 1:13:27]} 15. Rb1
{[%clk 0:51:05]} a5 {[%clk 1:05:52]} 16. Qa3 {[%clk 0:42:47]} Rb5
{[%clk 1:00:17]} 17. Bd2 {[%clk 0:41:47]} Rfb8 {[%clk 1:00:26]} 18. Bc3
{[%clk 0:38:56]} d4 {[%clk 0:56:51]} 19. exd4 {[%clk 0:39:15]} cxd4
{[%clk 0:57:18]} 20. Bd2 {[%clk 0:38:50]} Qb6 {[%clk 0:57:32]} 21. b3
{[%clk 0:38:28]} Nd5 {[%clk 0:57:52]} 22. Rbc1 {[%clk 0:34:25]} Nc3
{[%clk 0:46:56]} 23. Kh1 {[%clk 0:32:42]} Rc5 {[%clk 0:45:37]} 24. Ng5
{[%clk 0:32:16]} Nb4 {[%clk 0:41:58]} 25. Ne4 {[%clk 0:31:50]} Nxe4
{[%clk 0:38:57]} 26. Bxe4 {[%clk 0:32:03]} Re8 {[%clk 0:35:38]} 27. Bf3
{[%clk 0:31:17]} Rec8 {[%clk 0:31:11]} 28. Rxc5 {[%clk 0:25:45]} Rxc5
{[%clk 0:31:40]} 29. Re1 {[%clk 0:20:20]} Qb5 {[%clk 0:25:19]} 30. Qa4
{[%clk 0:15:02]} Qxa4 {[%clk 0:24:12]} 31. bxa4 {[%clk 0:15:25]} Be5
{[%clk 0:18:50]} 32. Bd1 {[%clk 0:09:44]} Kg7 {[%clk 0:15:23]} 33. Bb3
{[%clk 0:10:00]} Nd3 {[%clk 0:12:12]} 34. Rf1 {[%clk 0:08:43]} Bf6
{[%clk 0:10:19]} 35. f4 {[%clk 0:07:42]} Nb4 {[%clk 0:10:18]} 36. Rc1
{[%clk 0:06:43]} Rxc1+ {[%clk 0:08:51]} 37. Bxc1 {[%clk 0:07:06]} Bd8
{[%clk 0:09:20]} 38. Kg2 {[%clk 0:06:34]} f5 {[%clk 0:09:44]} 39. Kf3
{[%clk 0:06:26]} Kf6 {[%clk 0:10:06]} 40. Ke2 {[%clk 0:06:22]} Bb6
{[%clk 0:10:12]} 41. a3 {[%clk 0:06:14]} Nc6 {[%clk 0:09:02]} 42. Kd3
{[%clk 0:06:24]} Ke7 {[%clk 0:08:29]} 43. Bb2 {[%clk 0:04:46]} Kd6
{[%clk 0:05:55]} 44. Bg8 {[%clk 0:01:58]} h6 {[%clk 0:06:22]} 45. Bh7
{[%clk 0:16:27]} Ne7 {[%clk 0:37:20]} 46. Bxd4 {[%clk 0:16:47]} Bc5
{[%clk 0:37:22]} 47. Bf6 {[%clk 0:13:26]}  1/2-1/2

[Event "Olomouc Chess Summer 2022 - A"]
[Site "Olomouc (CZE), Hotel Flora"]
[Date "2022.08.14"]
[Round "3"]
[Board "4"]
[White "Pap, Gyula"]
[Black "Baum, Jonasz"]
[Result "1/2-1/2"]
[WhiteElo "2481"]
[BlackElo "2412"]
[PlyCount "0"]
[EventDate "2022.08.13"]
[EventRounds "9"]
[EventCountry "CZE"]

1. e4 {[%clk 1:30:57]} c5 {[%clk 1:30:51]} 2. Nf3 {[%clk 1:31:19]} d6
{[%clk 1:31:16]} 3. Bb5+ {[%clk 1:24:13]} Nd7 {[%clk 1:31:35]} 4. d4
{[%clk 1:18:26]} cxd4 {[%clk 1:31:59]} 5. Qxd4 {[%clk 1:17:56]} a6
{[%clk 1:32:21]} 6. Be2 {[%clk 1:12:48]} e5 {[%clk 1:32:35]} 7. Qe3
{[%clk 1:11:41]} Ngf6 {[%clk 1:31:49]} 8. c4 {[%clk 1:09:52]} d5 {[%clk 1:31:24]}
9. cxd5 {[%clk 1:02:27]} Bc5 {[%clk 1:31:48]} 10. Qb3 {[%clk 1:02:16]} Nxe4
{[%clk 1:30:44]} 11. Be3 {[%clk 1:02:35]} O-O {[%clk 1:20:28]} 12. O-O
{[%clk 1:01:45]} Bxe3 {[%clk 1:09:45]}  1/2-1/2

[Event "Olomouc Chess Summer 2022 - A"]
[Site "Olomouc (CZE), Hotel Flora"]
[Date "2022.08.14"]
[Round "3"]
[Board "5"]
[White "Stalmach, Richard"]
[Black "Lutsko, Artem"]
[Result "0-1"]
[WhiteElo "2387"]
[BlackElo "2407"]
[PlyCount "0"]
[EventDate "2022.08.13"]
[EventRounds "9"]
[EventCountry "CZE"]

1. d4 Nf6 2. c4 e6 3. Nc3 Bb4 4. Qc2 O-O 5. e4 d5 6. e5 Ne4 7. Bd3 c5 8. Nf3 cxd4
9. Nxd4 Nd7 10. Bf4 Qh4 11. g3 Qh5 12. O-O g5 13. cxd5 Bxc3 14. bxc3 exd5 15. Be3
Nxe5 16. f3 Nc5 17. Bf5 Ne6 18. f4 Nc4 19. Bc1 Nxd4 20. cxd4 Nd6 21. Bd3 Bh3 22.
Re1 Rfe8 23. Ba3 Nc4 24. Bxc4 dxc4 25. fxg5 Qxg5 26. Bd6 Rxe1+ 27. Rxe1 Qd5 28.
Be5 Re8 29. Re2 Rxe5  0-1

[Event "Olomouc Chess Summer 2022 - A"]
[Site "Olomouc (CZE), Hotel Flora"]
[Date "2022.08.15"]
[Round "4"]
[Board "1"]
[White "Mirzoev, Azer"]
[Black "Lutsko, Artem"]
[Result "1-0"]
[WhiteElo "2435"]
[BlackElo "2407"]
[PlyCount "0"]
[EventDate "2022.08.13"]
[EventRounds "9"]
[EventCountry "CZE"]

1. d4 {[%clk 1:29:05]} Nf6 {[%clk 1:30:54]} 2. Nf3 {[%clk 1:29:28]} d5
{[%clk 1:31:07]} 3. c4 {[%clk 1:29:31]} e6 {[%clk 1:31:34]} 4. Nc3
{[%clk 1:29:50]} Nbd7 {[%clk 1:26:13]} 5. cxd5 {[%clk 1:29:53]} exd5
{[%clk 1:26:41]} 6. Bg5 {[%clk 1:30:00]} c6 {[%clk 1:24:09]} 7. e3
{[%clk 1:30:23]} Be7 {[%clk 1:22:07]} 8. Qc2 {[%clk 1:30:45]} O-O
{[%clk 1:16:46]} 9. Bd3 {[%clk 1:31:08]} Re8 {[%clk 1:13:20]} 10. O-O
{[%clk 1:31:24]} h6 {[%clk 1:11:50]} 11. Bh4 {[%clk 1:31:39]} Ne4
{[%clk 1:12:12]} 12. Bxe7 {[%clk 1:30:41]} Qxe7 {[%clk 1:12:38]} 13. Rab1
{[%clk 1:31:04]} Nd6 {[%clk 0:50:22]} 14. Rfc1 {[%clk 1:29:25]} Qf6
{[%clk 0:37:00]} 15. Ne2 {[%clk 1:28:17]} a5 {[%clk 0:35:14]} 16. Ng3
{[%clk 1:28:08]} g6 {[%clk 0:34:33]} 17. b3 {[%clk 1:26:04]} h5 {[%clk 0:34:39]}
18. h3 {[%clk 1:26:13]} Nf8 {[%clk 0:20:24]} 19. Ne5 {[%clk 1:24:17]} Ne6
{[%clk 0:19:33]} 20. a3 {[%clk 1:22:31]} Ng5 {[%clk 0:18:42]} 21. f4
{[%clk 1:21:30]} Ne6 {[%clk 0:15:21]} 22. b4 {[%clk 0:59:15]} axb4
{[%clk 0:15:25]} 23. axb4 {[%clk 0:59:40]} Nc7 {[%clk 0:14:01]} 24. Rf1
{[%clk 0:55:11]} h4 {[%clk 0:12:16]} 25. f5 {[%clk 0:55:07]} Qg5 {[%clk 0:12:44]}
26. fxg6 {[%clk 0:52:58]} f6 {[%clk 0:13:09]} 27. Nh5 {[%clk 0:48:42]} Qxh5
{[%clk 0:05:20]} 28. Rxf6 {[%clk 0:49:05]} Be6 {[%clk 0:02:37]} 29. Rbf1
{[%clk 0:47:12]} Qg5 {[%clk 0:02:56]} 30. R6f4 {[%clk 0:36:02]} Rf8
{[%clk 0:02:30]} 31. Qf2 {[%clk 0:34:23]} Qe7 {[%clk 0:02:59]} 32. Qxh4
{[%clk 0:31:48]} Qxh4 {[%clk 0:03:23]} 33. Rxh4 {[%clk 0:32:15]} Rxf1+
{[%clk 0:03:48]} 34. Kxf1 {[%clk 0:32:39]} Bf5 {[%clk 0:03:04]} 35. Bxf5
{[%clk 0:30:45]} Nxf5 {[%clk 0:03:33]} 36. Rh7 {[%clk 0:31:08]} Ne6
{[%clk 0:02:34]} 37. Nd7 {[%clk 0:28:48]} Ra1+ {[%clk 0:02:26]} 38. Kf2
{[%clk 0:26:54]} Ra2+ {[%clk 0:00:59]} 39. Kg1 {[%clk 0:27:21]} Neg7
{[%clk 0:01:06]} 40. Nf6+ {[%clk 0:27:37]} Kf8 {[%clk 0:01:35]} 41. Ng4
{[%clk 0:27:58]} Rb2 {[%clk 0:23:09]} 42. h4 {[%clk 0:55:11]} Ng3
{[%clk 0:22:21]} 43. Kh2 {[%clk 0:52:39]} Nf1+ {[%clk 0:22:15]} 44. Kh3
{[%clk 0:48:19]} Nxe3 {[%clk 0:22:39]} 45. Nxe3 {[%clk 0:48:38]} Rb3
{[%clk 0:23:07]} 46. Kg4 {[%clk 0:48:39]} Rxe3 {[%clk 0:23:29]} 47. h5
{[%clk 0:46:55]} Re4+ {[%clk 0:01:46]} 48. Kg5 {[%clk 0:46:50]} Nxh5
{[%clk 0:01:20]} 49. Kxh5 {[%clk 0:46:51]} b6 {[%clk 0:01:47]} 50. Rb7
{[%clk 0:40:33]} Rxd4 {[%clk 0:02:06]} 51. Rxb6 {[%clk 0:40:24]} Rc4
{[%clk 0:01:12]} 52. g4 {[%clk 0:39:47]} Rc1 {[%clk 0:01:10]} 53. Rb8+
{[%clk 0:39:13]} Kg7 {[%clk 0:01:37]} 54. Rb7+ {[%clk 0:38:59]} Kg8
{[%clk 0:02:06]} 55. Kh6 {[%clk 0:37:46]} Rh1+ {[%clk 0:02:22]} 56. Kg5
{[%clk 0:38:14]} Re1 {[%clk 0:00:45]} 57. Kf6 {[%clk 0:38:10]} Rf1+
{[%clk 0:01:06]} 58. Ke5 {[%clk 0:38:10]} Re1+ {[%clk 0:01:17]} 59. Kf6
{[%clk 0:33:41]} Rf1+ {[%clk 0:01:42]} 60. Kg5 {[%clk 0:34:04]} Rf8
{[%clk 0:00:40]} 61. Rd7 {[%clk 0:32:53]} Rf1 {[%clk 0:00:33]} 62. Rc7
{[%clk 0:29:36]} d4 {[%clk 0:00:37]} 63. Rxc6 {[%clk 0:27:27]} Rb1
{[%clk 0:00:32]} 64. Rc8+ {[%clk 0:26:35]} Kg7 {[%clk 0:00:59]} 65. Rc7+
{[%clk 0:27:00]} Kg8 {[%clk 0:00:50]} 66. Rd7 {[%clk 0:25:48]} Rxb4
{[%clk 0:01:05]} 67. Kh6 {[%clk 0:26:12]} Rb8 {[%clk 0:01:30]} 68. Rxd4
{[%clk 0:26:35]} Rf8 {[%clk 0:01:52]} 69. Rd6 {[%clk 0:26:31]} Re8
{[%clk 0:00:48]} 70. g5 {[%clk 0:26:45]} Ra8 {[%clk 0:00:53]} 71. g7
{[%clk 0:26:43]} Rb8 {[%clk 0:01:01]} 72. Rf6 {[%clk 0:26:55]}  1-0

[Event "Olomouc Chess Summer 2022 - A"]
[Site "Olomouc (CZE), Hotel Flora"]
[Date "2022.08.15"]
[Round "4"]
[Board "2"]
[White "Baum, Jonasz"]
[Black "Stalmach, Richard"]
[Result "0-1"]
[WhiteElo "2412"]
[BlackElo "2387"]
[PlyCount "0"]
[EventDate "2022.08.13"]
[EventRounds "9"]
[EventCountry "CZE"]

1. d4 {[%clk 1:30:58]} Nf6 {[%clk 1:30:46]} 2. c4 {[%clk 1:31:22]} g6
{[%clk 1:31:10]} 3. Nc3 {[%clk 1:31:36]} Bg7 {[%clk 1:31:29]} 4. e4
{[%clk 1:31:59]} O-O {[%clk 1:31:47]} 5. Nge2 {[%clk 1:31:02]} d6
{[%clk 1:31:42]} 6. f3 {[%clk 1:31:03]} a6 {[%clk 1:30:31]} 7. Be3
{[%clk 1:30:37]} Nbd7 {[%clk 1:27:09]} 8. Qd2 {[%clk 1:28:02]} b5
{[%clk 1:26:07]} 9. Bh6 {[%clk 1:24:06]} Bxh6 {[%clk 1:24:59]} 10. Qxh6
{[%clk 1:24:23]} c5 {[%clk 1:24:41]} 11. Qd2 {[%clk 1:06:29]} bxc4
{[%clk 1:10:27]} 12. d5 {[%clk 1:05:04]} Ne5 {[%clk 1:02:34]} 13. Nc1
{[%clk 1:04:47]} e6 {[%clk 1:01:15]} 14. f4 {[%clk 0:56:17]} Nd3+
{[%clk 0:57:50]} 15. Nxd3 {[%clk 0:54:53]} cxd3 16. dxe6 {[%clk 0:53:27]} c4
{[%clk 0:49:57]} 17. b3 {[%clk 0:51:58]} d5 {[%clk 0:46:59]} 18. exd5
{[%clk 0:34:30]} Nxd5 {[%clk 0:42:37]} 19. bxc4 {[%clk 0:28:33]} Nb4
{[%clk 0:42:08]} 20. Rb1 {[%clk 0:18:25]} Rb8 {[%clk 0:30:08]} 21. Nd5
{[%clk 0:15:34]} Nc2+ {[%clk 0:27:44]} 22. Kf2 {[%clk 0:16:00]} Rxb1
{[%clk 0:27:42]} 23. e7 {[%clk 0:16:26]} Qd6 {[%clk 0:27:27]} 24. Bxd3
{[%clk 0:14:12]} Rxh1 {[%clk 0:26:18]} 25. Bxc2 {[%clk 0:12:26]} Bb7
{[%clk 0:21:58]} 26. exf8=Q+ {[%clk 0:10:29]} Kxf8 {[%clk 0:22:09]} 27. Qd4
{[%clk 0:09:37]} Bxd5 {[%clk 0:22:31]} 28. cxd5 {[%clk 0:08:51]} Rc1
{[%clk 0:22:55]} 29. Bd3 {[%clk 0:08:44]} a5 {[%clk 0:21:41]} 30. Kg3
{[%clk 0:05:09]} Rd1 {[%clk 0:17:30]} 31. Qh8+ {[%clk 0:04:34]} Ke7
{[%clk 0:17:52]} 32. Bb5 {[%clk 0:01:54]} Rxd5 {[%clk 0:08:47]} 33. Qe8+
{[%clk 0:02:00]} Kf6 {[%clk 0:09:14]} 34. Qh8+ {[%clk 0:02:03]} Kf5
{[%clk 0:09:38]} 35. Qc8+ {[%clk 0:02:06]} Qe6 {[%clk 0:09:43]} 36. Qc3
{[%clk 0:00:45]} Rxb5 {[%clk 0:04:42]} 37. Qd3+ {[%clk 0:01:10]} Kf6
{[%clk 0:04:59]} 38. Qxb5 {[%clk 0:01:28]} Qe3+ {[%clk 0:05:25]}  0-1